Egy logisztikai központ hatékonyságának vizsgálata, különös tekintettel az aktuális munkaerő helyzetre
| Szerző: | |
|---|---|
| További közreműködők: | |
| Dokumentumtípus: | Diplomadolgozat |
| Kulcsszavak: | Logisztika Raktár SAP |
| Online Access: | http://dolgozattar.uni-bge.hu/19847 |
MARC
| LEADER | 00000nta a2200000 i 4500 | ||
|---|---|---|---|
| 001 | dolg19847 | ||
| 005 | 20181217103102.0 | ||
| 008 | 181217suuuu hu om 000 hun d | ||
| 040 | |a BGE Dolgozattár Repozitórium |b hun | ||
| 041 | |a hu | ||
| 100 | 1 | |a Győrfi Attila | |
| 245 | 1 | 0 | |a Egy logisztikai központ hatékonyságának vizsgálata, különös tekintettel az aktuális munkaerő helyzetre |c Győrfi Attila |h [elektronikus dokumentum] |
| 695 | |a Logisztika | ||
| 695 | |a Raktár | ||
| 695 | |a SAP | ||
| 700 | 1 | |a Rádi György |e ths | |
| 856 | 4 | 0 | |u http://dolgozattar.uni-bge.hu/19847/1/Egy%20logisztikai%20k%C3%B6zpont%20hat%C3%A9konys%C3%A1g%C3%A1nak%20vizsg%C3%A1lata%2C%20k%C3%BCl%C3%B6n%C3%B6s%20tekintettel%20az%20aktu%C3%A1lis%20munkaer%C5%91%20helyzetre.pdf |z Dokumentum-elérés |
| 856 | 4 | 0 | |u http://dolgozattar.uni-bge.hu/19847/2/Titkos%C3%ADt%C3%A1si%20k%C3%A9relem.pdf |z Dokumentum-elérés |